00506nam a22002057a 4500003000500000005001700005008004100022010001000063011001000073035001000083040000900093082001200102100001800114245005000132260003900182300001000221490002500231650001900256830002500275CHAP20220329134252.0971013s1969 r 00010 d a17895 a18867 a22952 cCHAP a006bJ700aJramoi, A. V. aIntroducción e historia de la cibernética aMéxico, D.F., :bGrijalbo,c1969 a157 p aColección 70v; 3814aCibernética.0 aColección 70v; 38